[Event "Znojemska Rotunda 2009"]
[Site "?"]
[Date "2009.08.19"]
[Round "6.7"]
[White "Smrckova, Svetlana"]
[Black "Rysavy, Jindrich"]
[Result "1/2-1/2"]
[WhiteElo "1552"]
[BlackElo "1678"]
[PlyCount "76"]
[EventDate "2009.08.??"]
[SourceDate "2009.08.15"]

1. d4 Nf6 2. c4 g6 3. Nc3 d5 4. Nf3 Bg7 5. e3 c6 6. Bd3 O-O 7. O-O Nbd7 8. b3
Qc7 9. Bb2 b6 10. Rc1 Qb8 11. Re1 Bb7 12. e4 dxe4 13. Nxe4 Nxe4 14. Bxe4 Nf6
15. Bb1 e6 16. Ne5 Rd8 17. Qe2 Nd7 18. Ng4 Nf6 19. Ne5 Qc7 20. Rcd1 c5 21. dxc5
Rxd1 22. Rxd1 Qxc5 23. Bd4 Qe7 24. Bd3 Rd8 25. Be3 Nd7 26. Ng4 Nc5 27. Nh6+ Kf8
28. b4 Nxd3 29. Rxd3 Rxd3 30. Qxd3 Ke8 31. c5 Bxh6 32. Bxh6 bxc5 33. Qb5+ Qd7
34. Qxd7+ Kxd7 35. bxc5 Kc6 36. Be3 a6 37. g3 Kb5 38. a3 Ka4 {(=)} 1/2-1/2

[Event "Znojemska Rotunda 2009"]
[Site "?"]
[Date "2009.08.19"]
[Round "6.8"]
[White "Caha, Martin"]
[Black "Adam, Petr ml."]
[Result "0-1"]
[WhiteElo "1250"]
[BlackElo "1795"]
[PlyCount "42"]
[EventDate "2009.08.??"]
[SourceDate "2009.08.15"]

1. d4 d5 2. Nf3 e6 3. e3 c5 4. Ne5 Nc6 5. Bb5 Bd7 6. Bxc6 Bxc6 7. Qf3 Nf6 8. g4
Bd6 9. g5 Bxe5 10. gxf6 Bxf6 11. dxc5 Qa5+ 12. c3 Qxc5 13. Qg3 O-O-O 14. Bd2 d4
15. exd4 Qb5 16. c4 Qxb2 17. d5 Qxa1 18. dxc6 Qxb1+ 19. Ke2 Qxh1 20. Ba5 Qd1+
21. Ke3 Rd3+ 0-1

[Event "Znojemska Rotunda 2009"]
[Site "?"]
[Date "2009.08.19"]
[Round "6.9"]
[White "Marek, Jakub"]
[Black "Novotny, Richard"]
[Result "0-1"]
[WhiteElo "1100"]
[BlackElo "1546"]
[PlyCount "106"]
[EventDate "2009.08.??"]
[SourceDate "2009.08.15"]

1. d3 d5 2. Nf3 Nc6 3. g3 e5 4. Bg2 Nf6 5. h3 Be7 6. O-O O-O 7. Bg5 Bf5 8. Kh2
Qd7 9. Qd2 Rad8 10. c3 Rfe8 11. b3 Qc8 12. Nh4 Be6 13. Qc1 Nd7 14. Bxe7 Nxe7
15. Na3 Nf5 16. Nxf5 Bxf5 17. Qg5 Nf6 18. Qd2 c5 19. c4 d4 20. Rac1 e4 21. Rce1
b6 22. Nc2 Re7 23. b4 Rde8 24. e3 exd3 25. Na3 cxb4 26. Nb5 dxe3 27. fxe3 Qc5
28. Nd4 Bg6 29. Rf4 a5 30. Nb3 Qe5 31. Nd4 Qd6 32. Nb5 Qc5 33. Nd4 Ne4 34. Nb3
Nxd2 35. Nxc5 bxc5 36. Bd5 Rxe3 37. Rxe3 Rxe3 38. Kg1 Rxg3+ 39. Kf2 Rxh3 40.
Kg2 Re3 41. Kf2 Re2+ 42. Kg3 a4 43. Kg4 h5+ 44. Kg5 Ne4+ 45. Bxe4 Rxe4 46. Rxe4
Bxe4 47. Kf4 d2 48. Kxe4 d1=Q 49. Ke5 Qd4+ 50. Kf5 f6 51. Ke6 Kf8 52. Kf5 Qe5+
53. Kg6 Qg5+ 0-1

[Event "Znojemska Rotunda 2009"]
[Site "?"]
[Date "2009.08.19"]
[Round "6.10"]
[White "Hemalova, Lydie"]
[Black "Skoumal, Radek"]
[Result "1/2-1/2"]
[WhiteElo "1250"]
[BlackElo "1474"]
[PlyCount "42"]
[EventDate "2009.08.??"]
[SourceDate "2009.08.15"]

1. e4 c5 2. Nf3 Nc6 3. d4 cxd4 4. Nxd4 Nf6 5. Nc3 a6 6. Be2 d6 7. O-O g6 8. Be3
Bg7 9. f4 O-O 10. f5 Re8 11. Bf4 Nxd4 12. Qxd4 Bd7 13. Rae1 Bc6 14. Qd3 Qc7 15.
Bf3 Red8 16. Nd5 Nxd5 17. exd5 Bb5 18. Qe3 Bxf1 19. Kxf1 b6 20. fxg6 fxg6 21.
c3 Rf8 1/2-1/2

[Event "Znojemska Rotunda 2009"]
[Site "?"]
[Date "2009.08.20"]
[Round "7.1"]
[White "Matras, Ondrej"]
[Black "Mikulu, Lukas"]
[Result "1/2-1/2"]
[WhiteElo "2248"]
[BlackElo "1988"]
[PlyCount "70"]
[EventDate "2009.08.??"]
[SourceDate "2009.08.15"]

1. d4 d5 2. c4 c6 3. Nc3 Nf6 4. Nf3 e6 5. e3 Nbd7 6. Bd3 dxc4 7. Bxc4 b5 8. Bd3
a6 9. O-O Bb7 10. Qe2 c5 11. Rd1 Qb6 12. Bc2 Rd8 13. e4 cxd4 14. Nxd4 Ne5 15.
Nb3 Rxd1+ 16. Nxd1 Bd6 17. Be3 Qc7 18. h3 Nxe4 19. Bxe4 Bxe4 20. Rc1 Nc4 21.
Nd2 Bh2+ 22. Kh1 Bxg2+ 23. Kxg2 Nxe3+ 24. Nxe3 Qxc1 25. Kxh2 Qxb2 26. Ng4 O-O
27. Qe3 Qxa2 28. Nf3 Qd5 29. Qf4 a5 30. Qg3 Kh8 31. Ne3 Qe4 32. Ne5 a4 33.
Nxf7+ Kg8 34. Nh6+ Kh8 35. Nf7+ Kg8 1/2-1/2

[Event "Znojemska Rotunda 2009"]
[Site "?"]
[Date "2009.08.20"]
[Round "7.2"]
[White "Lacina, Filip"]
[Black "Adam, Petr st."]
[Result "1/2-1/2"]
[WhiteElo "2013"]
[BlackElo "2115"]
[PlyCount "104"]
[EventDate "2009.08.??"]
[SourceDate "2009.08.15"]

1. Nf3 f5 2. g3 Nf6 3. Bg2 g6 4. O-O Bg7 5. c4 d6 6. d3 O-O 7. Nc3 e5 8. e4 Nc6
9. Rb1 Kh8 10. b4 a6 11. a4 Be6 12. exf5 Bxf5 13. Bg5 Qd7 14. b5 axb5 15. Rxb5
Nd8 16. Nh4 Bg4 17. Qc2 c6 18. Rb6 Bh3 19. Rfb1 Bxg2 20. Nxg2 Ra6 21. Bxf6 Bxf6
22. Ne4 Rxb6 23. Rxb6 Be7 24. Qb2 Kg8 25. Ne3 Rf7 26. Qb3 Bf8 27. Ng5 Rg7 28.
Kg2 h6 29. Ne4 Rf7 30. Nd2 Ne6 31. Nf3 Rxf3 32. Rxb7 Qe8 33. a5 Nc5 34. Qb6
Nxb7 35. Kxf3 Nc5 36. a6 e4+ 37. dxe4 Qxe4+ 38. Ke2 Qd3+ 39. Kf3 Qe4+ 40. Ke2
Na4 41. Qb3 Nc5 42. Qb6 Nxa6 43. Qxa6 Kh7 44. Qa3 Qe8 45. Qd3 Qe6 46. h4 h5 47.
Kf1 Bh6 48. Nc2 d5 49. cxd5 cxd5 50. Kg2 Bg7 51. Nd4 Bxd4 52. Qxd4 Kg8 1/2-1/2

[Event "Znojemska Rotunda 2009"]
[Site "?"]
[Date "2009.08.20"]
[Round "7.3"]
[White "Petlak, Josef"]
[Black "Svanda, Josef"]
[Result "1-0"]
[WhiteElo "2008"]
[BlackElo "2094"]
[PlyCount "107"]
[EventDate "2009.08.??"]
[SourceDate "2009.08.15"]

1. d4 Nf6 2. c4 g6 3. Nc3 d5 4. cxd5 Nxd5 5. e4 Nxc3 6. bxc3 Bg7 7. Be3 c5 8.
Qd2 O-O 9. Nf3 Qa5 10. Rb1 a6 11. Bc4 Nc6 12. Rb2 Bg4 13. Rxb7 Bxf3 14. gxf3
cxd4 15. cxd4 Qxd2+ 16. Kxd2 Bxd4 17. Bxd4 Nxd4 18. Rxe7 Rad8 19. Ke3 Nc2+ 20.
Kf4 Rd2 21. Kg3 a5 22. Ra7 h5 23. h4 Na3 24. Bb3 Nb5 25. Rxa5 Nd4 26. Bc4 Rc8
27. Ra4 Rxc4 28. Rxc4 Ne2+ 29. Kh2 Rxa2 30. Rf1 Rd2 31. e5 Nd4 32. f4 Nf3+ 33.
Kh1 Nxh4 34. e6 Re2 35. exf7+ Kxf7 36. Kh2 Kf6 37. Rc6+ Kg7 38. Ra1 Nf5 39. Kg1
Re4 40. Raa6 Nh4 41. f5 Rg4+ 42. Kf1 Nxf5 43. Rc7+ Kh6 44. Rcc6 h4 45. Rc3 Kh5
46. Ra5 Rf4 47. Kg2 Kg4 48. f3+ Kh5 49. Ra8 Kg5 50. Rg8 Kh5 51. Kf2 h3 52. Rh8+
Nh6 53. Kg3 Rh4 54. Rxh6+ 1-0

[Event "Znojemska Rotunda 2009"]
[Site "?"]
[Date "2009.08.20"]
[Round "7.4"]
[White "Dvorak, Libor"]
[Black "Vavrousek, Petr"]
[Result "1/2-1/2"]
[WhiteElo "2077"]
[BlackElo "1813"]
[PlyCount "48"]
[EventDate "2009.08.??"]
[SourceDate "2009.08.15"]

1. Nf3 Nf6 2. c4 c6 3. g3 d5 4. Bg2 Bg4 5. b3 e6 6. Bb2 Be7 7. O-O O-O 8. d3
Nbd7 9. Nbd2 Re8 10. h3 Bh5 11. g4 Bg6 12. Nh4 Nf8 13. e4 dxe4 14. dxe4 N6d7
15. Nhf3 Qa5 16. Qe2 Rad8 17. a3 Qc7 18. b4 Qf4 19. Rfe1 h5 20. Nd4 hxg4 21.
hxg4 c5 22. Nc2 Ne5 23. Bxe5 Qxe5 24. b5 Nh7 1/2-1/2

[Event "Znojemska Rotunda 2009"]
[Site "?"]
[Date "2009.08.20"]
[Round "7.6"]
[White "Skokan, Frantisek"]
[Black "Rysavy, Jindrich"]
[Result "1-0"]
[WhiteElo "1854"]
[BlackElo "1678"]
[PlyCount "67"]
[EventDate "2009.08.??"]
[SourceDate "2009.08.15"]

1. e4 c5 2. Nf3 d6 3. d4 cxd4 4. Nxd4 Nf6 5. Nc3 a6 6. Be2 e6 7. Be3 Be7 8. O-O
O-O 9. f4 Qc7 10. Kh1 Nc6 11. Nb3 b5 12. a3 Rd8 13. Qe1 Bb7 14. Qf2 Rd7 15. Bf3
Bf8 16. Rad1 Ne7 17. Bb6 Qc8 18. Na5 Nc6 19. Nxb7 Qxb7 20. e5 dxe5 21. fxe5
Rxd1 22. Rxd1 Nd7 23. Bd4 Qc7 24. Rf1 f6 25. exf6 gxf6 26. Qh4 e5 27. Be4 h6
28. Qg4+ Bg7 29. Qe6+ Kh8 30. Qf5 Kg8 31. Be3 Nf8 32. Nd5 Qd7 33. Nxf6+ Bxf6
34. Qxf6 1-0

[Event "Znojemska Rotunda 2009"]
[Site "?"]
[Date "2009.08.20"]
[Round "7.7"]
[White "Rysavy, Jan"]
[Black "Smrckova, Svetlana"]
[Result "1-0"]
[WhiteElo "1877"]
[BlackElo "1552"]
[PlyCount "58"]
[EventDate "2009.08.??"]
[SourceDate "2009.08.15"]

1. e4 e5 2. Nf3 Nc6 3. Bc4 Bc5 4. c3 d6 5. O-O Bg4 6. Re1 Nge7 7. Bxf7+ Kd7 8.
Bc4 Rf8 9. Be2 Ng6 10. Nxe5+ Ncxe5 11. Bxg4+ Ke8 12. d4 Nxg4 13. Qxg4 Qf6 14.
Qf5 Qe7 15. Qg5 Qf7 16. f3 Bb6 17. Na3 Rd8 18. Nc2 Ne5 19. Ne3 Qxf3 20. Rf1 Qe2
21. Rxf8+ Kxf8 22. Qxd8+ Kf7 23. Qh4 Nd3 24. h3 h6 25. Nf5 Kg8 26. Bxh6 gxh6
27. Qd8+ Kh7 28. Qe7+ Kg6 29. Qg7+ Kh5 1-0

[Event "Znojemska Rotunda 2009"]
[Site "?"]
[Date "2009.08.20"]
[Round "7.8"]
[White "Foucek, Simon"]
[Black "Novotny, Richard"]
[Result "1/2-1/2"]
[WhiteElo "1250"]
[BlackElo "1546"]
[PlyCount "45"]
[EventDate "2009.08.??"]
[SourceDate "2009.08.15"]

1. e4 e5 2. Nf3 d6 3. d4 exd4 4. Nxd4 Nf6 5. Nc3 Be7 6. Bc4 O-O 7. O-O Nbd7 8.
Bf4 Nb6 9. Bd3 c5 10. Nf3 Bg4 11. Be2 d5 12. exd5 Nbxd5 13. Nxd5 Qxd5 14. Qxd5
Nxd5 15. Bd2 Rad8 16. Be1 Nf4 17. Bd1 Rd6 18. Nd2 Bxd1 19. Rxd1 Rfd8 20. g3
Ne2+ 21. Kh1 c4 22. c3 Rb6 23. Rb1 1/2-1/2

[Event "Znojemska Rotunda 2009"]
[Site "?"]
[Date "2009.08.20"]
[Round "7.9"]
[White "Hemalova, Lydie"]
[Black "Caha, Martin"]
[Result "1/2-1/2"]
[WhiteElo "1250"]
[BlackElo "1250"]
[PlyCount "68"]
[EventDate "2009.08.??"]
[SourceDate "2009.08.15"]

1. e4 e5 2. Nf3 d6 3. Bc4 Nf6 4. Nc3 h6 5. d3 Be7 6. Be3 c6 7. Qd2 d5 8. exd5
cxd5 9. Bb5+ Bd7 10. Nxe5 Bb4 11. Bxd7+ Nbxd7 12. Nxd7 Qxd7 13. O-O d4 14. Bxd4
Qxd4 15. Qe2+ Be7 16. Rae1 Qd7 17. Qe5 Qe6 18. Qxe6 fxe6 19. Rxe6 Kf7 20. Rfe1
Bb4 21. a3 Bxc3 22. bxc3 Rae8 23. R6e3 Nd5 24. Rxe8 Rxe8 25. Rxe8 Kxe8 26. c4
Nc7 27. Kf1 Kd7 28. Ke2 Ne6 29. Ke3 Kd6 30. d4 b6 {(=)} 31. d5 Nd8 32. Kd4 Nf7
33. f4 g6 34. h4 a6 1/2-1/2

[Event "Znojemska Rotunda 2009"]
[Site "?"]
[Date "2009.08.20"]
[Round "7.10"]
[White "Skoumal, Radek"]
[Black "Marek, Jakub"]
[Result "1-0"]
[WhiteElo "1474"]
[BlackElo "1100"]
[PlyCount "95"]
[EventDate "2009.08.??"]
[SourceDate "2009.08.15"]

1. d4 d5 2. c4 Nf6 3. Nc3 Be6 4. h3 g6 5. Nf3 Bg7 6. e3 O-O 7. Be2 c6 8. O-O
Qd7 9. Ne5 Qd6 10. c5 Qc7 11. a3 Nbd7 12. Bd2 Nxe5 13. dxe5 Qxe5 14. f4 Qc7 15.
Bf3 Rad8 16. b4 a6 17. a4 b6 18. Qe2 Rb8 19. Qxa6 Rfd8 20. a5 b5 21. Be2 Ne4
22. Nxb5 cxb5 23. Be1 Bxa1 24. Bxb5 d4 25. Qc6 Qb7 26. Qxb7 Rxb7 27. Bc6 Bd5
28. Bxb7 Bxb7 29. Bf2 Bc3 30. Rd1 d3 31. b5 Bxa5 32. Be1 Bxe1 33. c6 Bf2+ 34.
Kf1 Bc8 35. c7 Rd7 36. b6 Bb7 37. Ra1 Bc6 38. c8=Q+ Kg7 39. Qxc6 Rd6 40. Qxe4
Bh4 41. b7 Bf6 42. Ra8 d2 43. Qf3 Rb6 44. b8=Q Rxb8 45. Rxb8 d1=Q+ 46. Qxd1 e6
47. Qd7 g5 48. Rb7 1-0

[Event "Znojemska Rotunda 2009"]
[Site "?"]
[Date "2009.08.21"]
[Round "8.1"]
[White "Skokan, Frantisek"]
[Black "Matras, Ondrej"]
[Result "0-1"]
[WhiteElo "1901"]
[BlackElo "2248"]
[PlyCount "46"]
[EventDate "2009.08.??"]
[SourceDate "2009.08.15"]

1. e4 e6 2. d4 d5 3. Nc3 Bb4 4. e5 c5 5. a3 Ba5 6. Qg4 Ne7 7. Qxg7 Rg8 8. Qxh7
cxd4 9. b4 dxc3 10. bxa5 Nbc6 11. Nf3 Qxa5 12. Rb1 Qc7 13. Bb5 Bd7 14. O-O
O-O-O 15. Qd3 Nxe5 16. Nxe5 Qxe5 17. Be3 Bxb5 18. Rxb5 Nc6 19. Rfb1 Rd7 20. g3
f5 21. Rc5 Rc7 22. Bf4 Qxf4 23. Qxc3 Qd4 0-1

[Event "Znojemska Rotunda 2009"]
[Site "?"]
[Date "2009.08.21"]
[Round "8.2"]
[White "Adam, Petr st."]
[Black "Mikulu, Lukas"]
[Result "1/2-1/2"]
[WhiteElo "2115"]
[BlackElo "1988"]
[PlyCount "45"]
[EventDate "2009.08.??"]
[SourceDate "2009.08.15"]

1. c4 e5 2. Nf3 Nc6 3. Nc3 Nf6 4. d4 exd4 5. Nxd4 Bb4 6. Nxc6 Bxc3+ 7. bxc3
bxc6 8. g3 O-O 9. Bg2 Re8 10. O-O Ne4 11. Qd4 Bb7 12. Bxe4 c5 13. Bxh7+ Kxh7
14. Qxc5 d6 15. Qh5+ Kg8 16. Be3 Re5 17. Qg4 Qe7 18. Rab1 Bc6 19. Rfd1 Re8 20.
Bd4 f5 21. Qg6 Rxe2 22. Rf1 Re4 23. c5 1/2-1/2

[Event "Znojemska Rotunda 2009"]
[Site "?"]
[Date "2009.08.21"]
[Round "8.3"]
[White "Petlak, Josef"]
[Black "Dvorak, Libor"]
[Result "1/2-1/2"]
[WhiteElo "2008"]
[BlackElo "2077"]
[PlyCount "104"]
[EventDate "2009.08.??"]
[SourceDate "2009.08.15"]

1. e4 c5 2. Nf3 d6 3. d4 cxd4 4. Nxd4 Nf6 5. Nc3 g6 6. Be3 Bg7 7. f3 Nc6 8. Qd2
O-O 9. O-O-O d5 10. exd5 Nxd5 11. Nxc6 bxc6 12. Na4 Be6 13. Bd4 Bxd4 14. Qxd4
Qa5 15. b3 Rfd8 16. Be2 Nb4 17. Qc5 Qxc5 18. Nxc5 Nxa2+ 19. Kb2 Nb4 20. Nxe6
fxe6 21. Bc4 Kf7 22. Rhe1 Nd5 23. Re4 Rd6 24. Rde1 Rad8 25. g4 g5 26. Re5 Kf6
27. h4 h6 28. hxg5+ hxg5 29. R5e4 Rh8 30. Ra1 Rh3 31. Rxa7 Rxf3 32. Be2 Rf2 33.
Ra5 Nf4 34. Ba6 Rd5 35. b4 Rg2 36. Rc4 Nd3+ 37. Kc3 Ne5 38. Re4 Rg3+ 39. Kb2
Rxg4 40. Rxg4 Nxg4 41. c4 Rxa5 42. bxa5 Ne5 43. Kc3 g4 44. c5 g3 45. Bf1 Nd7
46. a6 Nxc5 47. a7 Na4+ 48. Kb4 Nb6 49. Kc5 Na8 50. Kxc6 e5 51. Kb7 e4 52. Kxa8
e3 1/2-1/2

[Event "Znojemska Rotunda 2009"]
[Site "?"]
[Date "2009.08.21"]
[Round "8.4"]
[White "Vavrousek, Petr"]
[Black "Rysavy, Jan"]
[Result "1-0"]
[WhiteElo "1813"]
[BlackElo "1877"]
[PlyCount "73"]
[EventDate "2009.08.??"]
[SourceDate "2009.08.15"]

1. e4 e5 2. Nf3 Nc6 3. Bb5 f5 4. d3 fxe4 5. dxe4 d6 6. O-O Nf6 7. Re1 Be7 8.
Nc3 O-O 9. Ng5 Qe8 10. Bc4+ Kh8 11. Ne6 Bxe6 12. Bxe6 Nd4 13. Bh3 Nh5 14. Be3
Nf4 15. Bxf4 Rxf4 16. Nd5 Rh4 17. c3 Nc6 {(=)} 18. Nxc7 Qg6 19. Bf5 Qh6 20.
Nxa8 Bg5 21. h3 Ne7 22. Bg4 Qg6 23. Qf3 Bf6 24. Rad1 d5 25. exd5 h5 26. Be6 Rf4
27. Qd3 e4 28. Qg3 Qh6 29. Re2 Bg5 30. Nc7 h4 31. Qh2 Qf6 32. d6 Nc6 33. Nd5
Qe5 34. Nxf4 Bxf4 35. g3 hxg3 36. fxg3 Bxg3 37. Qg2 1-0

[Event "Znojemska Rotunda 2009"]
[Site "?"]
[Date "2009.08.21"]
[Round "8.5"]
[White "Novotny, Richard"]
[Black "Lacina, Filip"]
[Result "0-1"]
[WhiteElo "1546"]
[BlackElo "2013"]
[PlyCount "116"]
[EventDate "2009.08.??"]
[SourceDate "2009.08.15"]

1. e4 c5 2. Nf3 d6 3. d4 cxd4 4. Nxd4 Nf6 5. Nc3 a6 6. a4 Nc6 7. Be3 e6 8. Be2
Be7 9. O-O O-O 10. Kh1 Qc7 11. f4 Re8 12. Qd2 Bd7 13. Nb3 b6 14. Bf3 Bc8 15.
Qf2 Nd7 16. Rad1 Bb7 17. Rd2 Rab8 18. Rfd1 Ba8 19. Qe2 Bb7 20. Qf2 Bc8 21. Nd4
Na5 22. Be2 Nc4 23. Bxc4 Qxc4 24. Qe2 Qc7 25. Nb3 Bb7 26. Qf2 Ba8 27. Qe2 Nf6
28. Rd4 d5 29. e5 Nd7 30. Qxa6 Bc5 31. Nb5 Qd8 32. R4d3 Bb7 33. Qa7 Qc8 34.
Bxc5 Ra8 35. Nd6 Rxa7 36. Nxc8 Rxc8 37. Bd4 Rxa4 38. R3d2 Ba6 39. Nc1 Ra1 40.
Bc3 Nc5 41. Nd3 Rxd1+ 42. Rxd1 Bxd3 43. cxd3 Nb3 44. Rb1 d4 45. Bb4 Rc1+ 46.
Rxc1 Nxc1 47. Bd2 Nxd3 48. b4 Nb2 49. Kg1 Nc4 50. Bc1 d3 51. Kf2 d2 52. Bxd2
Nxd2 53. Ke2 Nb1 54. Kd3 Na3 55. Kc3 Kf8 56. Kb3 Nb5 57. Kc4 Nc7 58. g4 Ke7 0-1

[Event "Znojemska Rotunda 2009"]
[Site "?"]
[Date "2009.08.21"]
[Round "8.6"]
[White "Svanda, Josef"]
[Black "Dobes, Oldrich"]
[Result "1/2-1/2"]
[WhiteElo "2094"]
[BlackElo "1998"]
[PlyCount "115"]
[EventDate "2009.08.??"]
[SourceDate "2009.08.15"]

1. e4 Nf6 2. e5 Nd5 3. d4 d6 4. c4 Nb6 5. Nf3 e6 6. exd6 cxd6 7. Be2 Be7 8. O-O
O-O 9. Nc3 N8d7 10. Be3 Nf6 11. h3 Nbd7 12. Qd2 b6 13. Rfd1 Bb7 14. Rac1 Rc8
15. b3 Qc7 16. Nh2 Qb8 17. f4 Qa8 18. Bf3 d5 19. Qe2 Bb4 20. Bd2 Bxc3 21. Bxc3
dxc4 22. bxc4 Bxf3 23. Nxf3 Ne4 24. Bb4 Rfe8 25. Ne5 Nxe5 26. fxe5 Ng3 27. Qf2
Ne4 28. Qe3 f5 29. exf6 Nxf6 30. Qe5 Qc6 31. Be1 Nd7 32. Qe3 Qa4 33. Qb3 Qc6
34. Qa3 a5 35. Bf2 Qe4 36. Qd6 Qc6 37. Qxc6 Rxc6 38. d5 exd5 39. cxd5 Rxc1 40.
Rxc1 Nf6 41. Bxb6 Nxd5 42. Bxa5 Re2 43. a3 Ne3 44. Rc8+ Kf7 45. Rc7+ Kg6 46. g4
h5 47. gxh5+ Kxh5 48. Rxg7 Nc4 49. Bb4 Re3 50. Kf2 Rxh3 51. Rh7+ Kg4 52. Rxh3
Kxh3 53. a4 Kg4 54. Ke2 Kf5 55. Bc3 Ke4 56. Bh8 Kd5 57. Kd3 Kc6 58. Kxc4
1/2-1/2

[Event "Znojemska Rotunda 2009"]
[Site "?"]
[Date "2009.08.21"]
[Round "8.7"]
[White "Hemala, Lubos"]
[Black "Adam, Petr ml."]
[Result "1/2-1/2"]
[WhiteElo "1688"]
[BlackElo "1795"]
[PlyCount "54"]
[EventDate "2009.08.??"]
[SourceDate "2009.08.15"]

1. e4 c5 2. Nf3 Nc6 3. d4 cxd4 4. Nxd4 e5 5. Nb5 a6 6. N5a3 Bc5 7. Nc3 b5 8.
Nd5 Nge7 9. c4 Nxd5 10. exd5 Qh4 11. Qe2 Nd4 12. Qxe5+ Kf8 13. Be3 d6 14. Qg3
Qe4 15. Rd1 Bb4+ 16. Rd2 Bxd2+ 17. Kxd2 Nf5 18. Qf4 Qxf4 19. Bxf4 h6 20. h4 b4
21. Nc2 a5 22. f3 f6 23. g4 Ne7 24. Bxd6 Kf7 25. c5 Nxd5 26. Bc4 Be6 27. Re1
Nf4 1/2-1/2

[Event "Znojemska Rotunda 2009"]
[Site "?"]
[Date "2009.08.21"]
[Round "8.8"]
[White "Rysavy, Jindrich"]
[Black "Skoumal, Radek"]
[Result "1-0"]
[WhiteElo "1678"]
[BlackElo "1474"]
[PlyCount "45"]
[EventDate "2009.08.??"]
[SourceDate "2009.08.15"]

1. e4 c5 2. Nf3 Nc6 3. d4 cxd4 4. Nxd4 Nf6 5. Nc3 a6 6. Be3 d6 7. f3 g6 8. Qd2
Bg7 9. O-O-O O-O 10. g4 e6 11. h4 Nxd4 12. Bxd4 Qe7 13. h5 Nxe4 14. Nxe4 f5 15.
Bxg7 Qxg7 16. gxf5 Rxf5 17. Nxd6 Rd5 18. Qb4 Qh6+ 19. f4 a5 20. Qe4 Rxd1+ 21.
Kxd1 Ra6 22. Bxa6 bxa6 23. Nxc8 1-0

[Event "Znojemska Rotunda 2009"]
[Site "?"]
[Date "2009.08.21"]
[Round "8.9"]
[White "Caha, Martin"]
[Black "Foucek, Simon"]
[Result "1-0"]
[WhiteElo "1250"]
[BlackElo "1250"]
[PlyCount "59"]
[EventDate "2009.08.??"]
[SourceDate "2009.08.15"]

1. Nc3 d5 2. Nf3 Nc6 3. d4 Nf6 4. Ne5 Bd7 5. f3 e6 6. a3 Bd6 7. Bf4 O-O 8. e4
dxe4 9. fxe4 Qe7 10. Nxc6 Bxc6 11. e5 Bxe5 12. Bxe5 Nd5 13. Qd2 Nxc3 14. Qxc3
Qh4+ 15. Qg3 Qe4+ 16. Be2 f6 17. Bxc7 Qxc2 18. Qe3 Bd5 19. Ba5 Qxb2 20. O-O b6
21. Bb4 Rfc8 22. Rab1 Qc2 23. Rbc1 Qg6 24. Bf3 Bxf3 25. Rxc8+ Kf7 26. Rc7+ Kg8
27. Qxe6+ Kh8 28. Rc8+ Rxc8 29. Qxc8+ Qe8 30. Qxe8# 1-0

[Event "Znojemska Rotunda 2009"]
[Site "?"]
[Date "2009.08.21"]
[Round "8.10"]
[White "Marek, Jakub"]
[Black "Hemalova, Lydie"]
[Result "1-0"]
[WhiteElo "1100"]
[BlackElo "1250"]
[PlyCount "103"]
[EventDate "2009.08.??"]
[SourceDate "2009.08.15"]

1. d4 d5 2. e3 g6 3. Be2 Bg7 4. Bd2 Nc6 5. Nf3 a6 6. O-O e5 7. dxe5 Nxe5 8.
Nxe5 Bxe5 9. c3 Ne7 10. f4 Bg7 11. g3 O-O 12. Rf2 c5 13. Qf1 d4 14. e4 b5 15.
c4 b4 16. Bd3 Bb7 17. Re2 Qd7 18. Qf3 Nf5 19. Qg4 Rae8 20. b3 h5 21. Qh3 Re7
22. Qg2 Nd6 23. Bc1 a5 24. Nd2 Rfe8 25. Bb2 Kf8 26. Rae1 Qc6 27. a4 f5 28. e5
Qxg2+ 29. Rxg2 Bxg2 30. Kxg2 Nf7 31. Nf3 Nh6 32. h3 Nf7 33. Re2 Bh6 34. Rf2 g5
35. Bc1 g4 36. Nh4 gxh3+ 37. Kxh3 Nh8 38. Nxf5 Re6 39. Nxh6 Rxh6 40. f5 Rb6 41.
e6 Kg7 42. f6+ Kg8 43. e7 Kf7 44. Bg5 Re6 45. Kh4 Re1 46. Kxh5 Rd1 47. Bc2 Rh1+
48. Kg4 Re1 49. Bf5 Re3 50. Rh2 Re1 51. Rh7+ Kg8 52. Rg7# 1-0

[Event "Znojemska Rotunda 2009"]
[Site "?"]
[Date "2009.08.22"]
[Round "9.1"]
[White "Matras, Ondrej"]
[Black "Lacina, Filip"]
[Result "1-0"]
[WhiteElo "2248"]
[BlackElo "2013"]
[PlyCount "55"]
[EventDate "2009.08.??"]
[SourceDate "2009.08.15"]

1. d4 Nf6 2. c4 e6 3. Nc3 c5 4. d5 exd5 5. cxd5 Bd6 6. e4 O-O 7. Bd3 Re8 8. Bg5
h6 9. Bh4 a6 10. a4 Bc7 11. Nge2 d6 12. h3 Nbd7 13. f4 Nf8 14. O-O Ng6 15. Bg3
Bb6 16. Kh1 c4 17. Bxc4 Nxe4 18. Nxe4 Rxe4 19. Bd3 Re8 20. Nc3 Bc5 21. Qc2 Nf8
22. Rf3 Re3 23. Rxe3 Bxe3 24. Rf1 Nd7 25. Qe2 Bd4 26. Qe4 Bxc3 27. Qh7+ Kf8 28.
bxc3 1-0

[Event "Znojemska Rotunda 2009"]
[Site "?"]
[Date "2009.08.22"]
[Round "9.2"]
[White "Vavrousek, Petr"]
[Black "Adam, Petr st."]
[Result "1/2-1/2"]
[WhiteElo "1813"]
[BlackElo "2115"]
[PlyCount "20"]
[EventDate "2009.08.??"]
[SourceDate "2009.08.15"]

1. e4 c5 2. Nf3 Nf6 3. e5 Nd5 4. Nc3 Nxc3 5. dxc3 Nc6 6. Bc4 e6 7. O-O Be7 8.
Qe2 h6 9. Nd2 Qc7 10. f4 d5 1/2-1/2

[Event "Znojemska Rotunda 2009"]
[Site "?"]
[Date "2009.08.22"]
[Round "9.3"]
[White "Mikulu, Lukas"]
[Black "Petlak, Josef"]
[Result "0-1"]
[WhiteElo "1988"]
[BlackElo "2008"]
[PlyCount "76"]
[EventDate "2009.08.??"]
[SourceDate "2009.08.15"]

1. e4 e6 2. d4 d5 3. Nd2 c5 4. Ngf3 Nf6 5. e5 Nfd7 6. Bd3 b6 7. c3 Be7 8. h4
Nc6 9. Nf1 cxd4 10. cxd4 Bb4+ 11. Bd2 Qe7 12. a3 Bxd2+ 13. Qxd2 Bb7 14. Rc1 O-O
15. Qc2 Rfc8 16. Bxh7+ Kh8 17. Qb1 f5 18. Bg6 Nf8 19. h5 Na5 20. b4 Nc4 21. Qa1
a5 22. Nh4 Qg5 23. Rd1 axb4 24. Rd3 Rxa3 25. Qb1 Rxd3 26. Qxd3 Nb2 27. Qe3
Qxe3+ 28. fxe3 Ba6 29. Kf2 Rc2+ 30. Kg3 Rc1 31. Kf2 b3 32. Nf3 Nd3+ 33. Kg3 b2
34. Ng5 b1=Q 35. Nf7+ Kg8 36. h6 Nxg6 37. h7+ Kxf7 38. h8=N+ Nxh8 0-1

[Event "Znojemska Rotunda 2009"]
[Site "?"]
[Date "2009.08.22"]
[Round "9.4"]
[White "Dvorak, Libor"]
[Black "Hemala, Lubos"]
[Result "1-0"]
[WhiteElo "2077"]
[BlackElo "1688"]
[PlyCount "75"]
[EventDate "2009.08.??"]
[SourceDate "2009.08.15"]

1. Nf3 f5 2. g3 Nf6 3. c4 g6 4. Nc3 Bg7 5. Bg2 O-O 6. O-O d6 7. d3 Qe8 8. Rb1
Na6 9. b4 c6 10. a4 e5 11. e3 Be6 12. Ba3 e4 13. Ng5 Nd7 14. Nxe6 Qxe6 15. d4
Qxc4 16. Qd2 Qe6 17. b5 Nc7 18. bxc6 bxc6 19. Rb7 Rfc8 20. Rc1 d5 21. Na2 Bf8
22. Bxf8 Kxf8 23. Qa5 Qd6 24. Bf1 Ke8 25. Qc3 Ne6 26. Ba6 Nd8 27. Rxd7 Kxd7 28.
Bxc8+ Rxc8 29. Nb4 Rb8 30. Na6 Rb6 31. Qa5 Qa3 32. Nc5+ Kd6 33. Rf1 Qb2 34.
Qxa7 Nb7 35. Qb8+ Ke7 36. Qc7+ Kf8 37. Nd7+ Kg8 38. Qxb6 1-0

[Event "Znojemska Rotunda 2009"]
[Site "?"]
[Date "2009.08.22"]
[Round "9.5"]
[White "Smrckova, Svetlana"]
[Black "Svanda, Josef"]
[Result "0-1"]
[WhiteElo "1552"]
[BlackElo "2094"]
[PlyCount "118"]
[EventDate "2009.08.??"]
[SourceDate "2009.08.15"]

1. d4 Nf6 2. c4 g6 3. Nc3 d5 4. Bg5 Ne4 5. Nf3 Nxc3 6. bxc3 Bg7 7. e3 c5 8.
Qa4+ Bd7 9. Qa3 cxd4 10. cxd4 Bc6 11. cxd5 Bxd5 12. Be2 Nc6 13. O-O O-O 14.
Rab1 f6 15. Bf4 a5 16. Rxb7 Nxd4 17. Nxd4 Bxb7 18. Ne6 Qd5 19. Bf3 Qxe6 20.
Bxb7 Ra7 21. Bf3 Rd8 22. Qc5 Qa6 23. Be2 Qxe2 24. Qxa7 e5 25. Qb6 Qd2 26. Bg3
Qd5 27. e4 Qd2 28. Kh1 a4 29. f3 Qd4 30. Qe6+ Kh8 31. h3 a3 32. Qe7 Qd6 33. Qa7
Bf8 34. Bf2 Rc8 35. Qf7 Qe7 36. Qb3 Qc7 37. Qe6 Qc4 38. Qxc4 Rxc4 39. Rd1 Rc2
40. Rd8 Rxf2 41. Rxf8+ Kg7 42. Ra8 Rxa2 43. Kh2 h5 44. Kg3 g5 45. h4 Kg6 46.
Kh3 Ra1 47. hxg5 fxg5 48. Kh2 h4 49. Ra6+ Kh5 50. Ra5 a2 51. Ra4 g4 52. fxg4+
Kxg4 53. Ra3 Kf4 54. Ra4 Ke3 55. Ra3+ Kxe4 56. g3 hxg3+ 57. Kg2 Kd4 58. Rxg3
Rb1 59. Ra3 a1=Q 0-1